Segunda ciudad de cada departamento de Colombia - Estadísticas

Estadísticas generales
  • Esta prueba ha sido intentada 111 veces
  • La puntuación promedio es 9 de 32
Estadísticas de respuestas
Hint Respuesta % Correcto
Antioquia Bello
87%
Atlántico Soledad
82%
Cundinamarca Soacha
71%
Boyacá Sogamoso
53%
Valle del Cauca Buenaventura
48%
Risaralda Dosquebradas
45%
Archipiélago de San Andrés, Providencia y Santa Catalina Providencia
44%
Huila Pitalito
39%
Santander Barrancabermeja
34%
Nariño Tumaco
31%
Caldas La Dorada
30%
Amazonas Puerto Nariño
30%
Magdalena Ciénaga
28%
Arauca Saravena
26%
Bolívar Magangué
24%
Meta Acacías
23%
Cesar Aguachica
23%
Norte de Santander Villa del Rosario
22%
Quindío Calarcá
19%
Tolima El Espinal
19%
Cauca Santander de Quilichao
18%
La Guajira Uribia
17%
Casanare Aguazul
13%
Córdoba Santa Cruz de Lorica
11%
Caquetá San Vicente del Cagúan
11%
Putumayo Mocoa
7%
Sucre Corozal
5%
Guaviare El Retorno
5%
Vichada Puerto Carreño
4%
Guainía Barrancominas
2%
Chocó Alto Baudó
1%
Vaupés Carurú
1%
No se encontraron pruebas coincidentes
Distribución de puntuación
Porcentaje de gente con cada puntuación
Porcentaje por número respondido
Historial de tus puntuaciones
No has intentado esta prueba.